| 000 | 00825aam a2200301 4500 | ||
|---|---|---|---|
| 005 | 20250919170719.0 | ||
| 008 | 150521b2006 xxu||||| |||| 00| 0 spa d | ||
| 041 | _aESP | ||
| 082 | _a347.067 R696p | ||
| 100 |
_aRodríguez Miranda, Martín _918905 |
||
| 245 | _aLa prueba pericial en el proceso penal: con jurisprudencia | ||
| 260 | _aCosta Rica | ||
| 260 | _bIJSA | ||
| 260 | _c2006 | ||
| 300 | _a148 páginas | ||
| 490 | _aInvestigación Criminal | ||
| 650 | _aCOSTA RICA | ||
| 650 | _aPRUEBA PERICIAL | ||
| 650 | _aPROCEDIMIENTOS PENALES | ||
| 650 | _aPERITO | ||
| 650 | _aTRAMITE PERICIAL | ||
| 650 | _aVALORACIÓN DE LA PRUEBA | ||
| 650 | _aCLASIFICACIÓN DE LOS PERITOS | ||
| 650 | _aNOMBRAMIENTO DE PERITOS | ||
| 650 | _aCRITERIOS DE VALORACIÓN PERICIAL | ||
| 942 |
_cBK _2ddc |
||
| 999 |
_c2191 _d2191 |
||